00531 2200205 4500001002100000005001500021035002000036007000300056008004100059020001800100082000800118084001400126100002400140245004500164250001100209260004200220300003500262990001400297990001400311INLIS00000000001037520251216110404 a0010-0825000049ta251216 g 0 ind  a9786028551755 a428 a428 TEN w0 aTendi Krishna Murti1 aWord in The World /cTendi Krishna Murti acet. 1 aJakarta :bBuana Cipta Pustaka,c2009 a64 hlm :bilus ;c17.5 x 25 cm a025.00642 a025.00643